[Event "Titled Tuesday intern op 10th Aug"]
[Site "Chess.com INT"]
[Date "2021.08.10"]
[Round "11"]
[White "Goncharov, Vladimir"]
[Black "Matta, Vinay Kumar"]
[Result "0-1"]
[WhiteElo "2077"]
[BlackElo "2305"]
[PlyCount "114"]
[EventDate "2021.08.10"]
[EventType "swiss (blitz)"]
[EventRounds "11"]
[EventCountry "USA"]
[SourceTitle "CBM 203 Extra"]
[Source "ChessBase"]
[SourceDate "2021.09.30"]
[SourceVersion "1"]
[SourceVersionDate "2021.09.30"]
[SourceQuality "1"]

1. e4 c5 2. Nf3 d6 3. d4 cxd4 4. Qxd4 Bd7 5. c4 Nc6 6. Qd1 g6 7. Be2 Bg7 8. 0-0 Nf6 9. Nc3 0-0 10. Bg5 Rc8 11. Qd2 Qa5 12. Rac1 Bg4 13. b3 Bxf3 14. Bxf3 Nd4 15. Rfd1 Nxf3+ 16. gxf3 Rc5 17. Be3 Rh5 18. Nd5 Qd8 19. c5 Nxd5 20. exd5 dxc5 21. Rxc5 Be5 22. f4 Bd6 23. Rc4 Qd7 24. f3 Qh3 25. Qg2 Qxg2+ 26. Kxg2 a6 27. a4 Rd8 28. Bb6 Rd7 29. Rc8+ Kg7 30. Bd4+ f6 31. Be3 Rf5 32. Rd4 h5 33. h3 Bc7 34. Rc4 Bd8 35. Re4 Kf7 36. Kf2 Rfxd5 37. Ke2 R5d6 38. Rec4 Re6 39. Kf2 Bb6 40. Bxb6 Rxb6 41. Rc3 Rb4 42. Ke3 Rd6 43. R8c4 Re6+ 44. Kf2 Rxc4 45. Rxc4 Rb6 46. b4 Rc6 47. Rd4 Ke6 48. h4 b5 49. axb5 axb5 50. Rd8 Rc4 51. Ke3 Rxb4 52. Rg8 Kf5 53. Re8 Rb3+ 54. Ke2 Kxf4 55. Rxe7 Rxf3 56. Re6 Kg4 57. Rb6 Rf5 0-1

[Event "Titled Tuesday intern op 10th Aug"]
[Site "Chess.com INT"]
[Date "2021.08.10"]
[Round "5"]
[White "Matta, Vinay Kumar"]
[Black "Eswaran, Ashritha"]
[Result "1/2-1/2"]
[WhiteElo "2305"]
[BlackElo "2244"]
[PlyCount "99"]
[EventDate "2021.08.10"]
[EventType "swiss (blitz)"]
[EventRounds "11"]
[EventCountry "USA"]
[SourceTitle "CBM 203 Extra"]
[Source "ChessBase"]
[SourceDate "2021.09.30"]
[SourceVersion "1"]
[SourceVersionDate "2021.09.30"]
[SourceQuality "1"]

1. e4 c5 2. Nf3 d6 3. d4 cxd4 4. Nxd4 Nf6 5. Nc3 g6 6. Be3 Bg7 7. f3 Nc6 8. Qd2 0-0 9. 0-0-0 d5 10. Kb1 Nxd4 11. e5 Nf5 12. exf6 exf6 13. Nxd5 Nxe3 14. Qxe3 Kh8 15. Bb5 Be6 16. Nf4 Qa5 17. Nxe6 fxe6 18. Bc4 e5 19. Rd7 b5 20. Bd5 Rad8 21. Rxa7 Qb4 22. a3 Qd6 23. Bb3 f5 24. Rb7 Rb8 25. Rxb8 Rxb8 26. c3 Qc7 27. Rd1 Rd8 28. Rxd8+ Qxd8 29. Qc5 e4 30. fxe4 fxe4 31. Qxb5 Qe7 32. Qd5 Qe8 33. Qe6 Qb8 34. Ka2 Be5 35. Bc4 e3 36. a4 Kg7 37. a5 Qc7 38. a6 Qa5+ 39. Kb1 Bb8 40. Qxe3 Qa4 41. Qd4+ Kh6 42. h4 Bg3 43. Qe3+ Kg7 44. Qe7+ Kh6 45. Qg5+ Kg7 46. Qxg3 Qd1+ 47. Ka2 Qa4+ 48. Kb1 Qd1+ 49. Ka2 Qa4+ 50. Kb1 1/2-1/2

[Event "Titled Tuesday intern op 10th Aug"]
[Site "Chess.com INT"]
[Date "2021.08.10"]
[Round "9"]
[White "Matta, Vinay Kumar"]
[Black "Mortazavi, Ali"]
[Result "0-1"]
[WhiteElo "2305"]
[BlackElo "2333"]
[PlyCount "146"]
[EventDate "2021.08.10"]
[EventType "swiss (blitz)"]
[EventRounds "11"]
[EventCountry "USA"]
[SourceTitle "CBM 203 Extra"]
[Source "ChessBase"]
[SourceDate "2021.09.30"]
[SourceVersion "1"]
[SourceVersionDate "2021.09.30"]
[SourceQuality "1"]

1. e4 c6 2. d4 d5 3. Nc3 dxe4 4. Nxe4 Nf6 5. Nxf6+ exf6 6. Be3 Bd6 7. Bd3 0-0 8. Qh5 g6 9. Qh6 Qa5+ 10. Bd2 Re8+ 11. Ne2 Qb6 12. 0-0-0 Bf8 13. Qh4 Be6 14. c4 Qa6 15. Nc3 Bxc4 16. Bxc4 Qxc4 17. Kb1 f5 18. Bg5 Bg7 19. d5 Qxh4 20. Bxh4 Bxc3 21. bxc3 cxd5 22. Rxd5 Nc6 23. Rd7 b6 24. Rhd1 h6 25. Rc7 Rac8 26. Rdd7 Rxc7 27. Rxc7 Ne5 28. Rxa7 g5 29. f4 Ng6 30. Bf2 Nxf4 31. Rb7 Nd5 32. c4 Nc3+ 33. Kb2 Nd1+ 34. Kb3 Nxf2 35. Rxb6 Ne4 36. Rxh6 f4 37. a4 Kg7 38. Rb6 g4 39. a5 f3 40. gxf3 gxf3 41. Kc2 Rh8 42. Kd3 f5 43. Rb7+ Kg6 44. Ke3 f2 45. Rb1 Rh3+ 46. Kf4 Rh4+ 47. Ke5 Rxh2 48. a6 Nd2 49. Ra1 f1Q 50. Rxf1 Nxf1 51. a7 Ra2 52. c5 Rxa7 53. c6 Kg5 54. c7 Rxc7 55. Kd6 Rc1 56. Ke5 f4 57. Ke4 Re1+ 58. Kf3 Re3+ 59. Kf2 Kg4 60. Kg2 Re2+ 61. Kg1 Ra2 62. Kh1 Kg3 63. Kg1 f3 64. Kh1 Rh2+ 65. Kg1 f2+ 66. Kxf1 Rh1+ 67. Ke2 f1Q+ 68. Kd2 Rh2+ 69. Kc3 Re2 70. Kd4 Qd1+ 71. Kc3 Rc2+ 72. Kb3 Qb1+ 73. Ka3 Ra2# 0-1

[Event "FIDE World Cup AICF Qual"]
[Site "Tornelo INT"]
[Date "2021.05.30"]
[Round "17"]
[White "Matta, Vinay Kumar"]
[Black "Rahul, Srivatshav P"]
[Result "0-1"]
[WhiteElo "2305"]
[BlackElo "2463"]
[PlyCount "108"]
[EventDate "2021.05.26"]
[EventType "tourn (rapid)"]
[EventRounds "17"]
[EventCountry "IND"]
[EventCategory "10"]
[SourceTitle "CBM 202 Extra"]
[Source "ChessBase"]
[SourceDate "2021.07.31"]
[SourceVersion "1"]
[SourceVersionDate "2021.07.31"]
[SourceQuality "1"]

1. e4 c6 2. d4 d5 3. Nc3 dxe4 4. Nxe4 Nf6 5. Nxf6+ exf6 6. c3 Bd6 7. Bd3 0-0 8. Ne2 Re8 9. 0-0 Na6 10. Bf4 Nc7 11. Bxd6 Qxd6 12. Ng3 b6 13. Qh5 g6 14. Qh6 Nd5 15. Rfe1 Bd7 16. Ne4 Qf8 17. Qxf8+ Kxf8 18. c4 Nb4 19. Nxf6 Nxd3 20. Nxd7+ Kg7 21. Rxe8 Rxe8 22. Ne5 Nxe5 23. dxe5 Rxe5 24. Kf1 Kf6 25. Rd1 Ke6 26. Rd8 Ra5 27. a3 Ra4 28. Re8+ Kf5 29. Re7 Kf6 30. Re4 b5 31. Rf4+ Ke6 32. Re4+ Kf5 33. Rd4 Rxc4 34. Rxc4 bxc4 35. Ke2 Ke4 36. Kd2 Kd4 37. Kc2 f6 38. Kd2 f5 39. Kc2 g5 40. Kd2 h5 41. Kc2 c5 42. Kd2 h4 43. a4 a5 44. Kc2 g4 45. Kd2 f4 46. Kc2 c3 47. bxc3+ Kc4 48. g3 fxg3 49. fxg3 h3 50. Kd2 Kb3 51. Kd3 Kxa4 52. Kc4 Ka3 53. Kxc5 Kb3 54. c4 a4 0-1